[Event "Nakhchivan Open 2016"]
[Site "Nakhchivan AZE"]
[Date "2016.05.17"]
[Round "8.13"]
[White "Kazimova, Narmin"]
[Black "Hojjatova, Aydan"]
[Result "0-1"]
[WhiteTitle "WGM"]
[BlackTitle "WFM"]
[WhiteElo "2364"]
[BlackElo "2300"]
[WhiteFideId "13402951"]
[BlackFideId "13401491"]
[EventDate "2016.05.10"]

1. d4 e6 2. c4 Nf6 3. Nc3 Bb4 4. Nf3 d5 5. Bg5 h6 6. Bxf6 Qxf6 7. Qb3 Bxc3+ 8.
Qxc3 c6 9. e3 O-O 10. Bd3 Nd7 11. cxd5 exd5 12. Rc1 Nb6 13. Qc2 Be6 14. O-O Rfc8
15. Nd2 Rc7 16. b4 Qe7 17. Qb3 Nd7 18. Bb1 a5 19. Qd3 g6 20. b5 Rac8 21. e4 Qb4
22. bxc6 Rxc6 23. Rxc6 Rxc6 24. Qe3 Kg7 25. e5 Rc3 26. Qe2 Qxd4 27. Nf3 Qc4 28.
Qd2 Bg4 29. Nd4 Nxe5 30. Qf4 Nc6 31. Qxg4 Nxd4 32. Qd1 Ne2+ 33. Kh1 Rc1 0-1

[Event "Nakhchivan Open 2016"]
[Site "Nakhchivan AZE"]
[Date "2016.05.17"]
[Round "8.14"]
[White "Mamedjarova, Turkan"]
[Black "Muradli, Mahammad"]
[Result "1-0"]
[WhiteTitle "WGM"]
[BlackTitle "FM"]
[WhiteElo "2257"]
[BlackElo "2352"]
[WhiteFideId "13402005"]
[BlackFideId "13409301"]
[EventDate "2016.05.10"]

1. e4 c5 2. c3 Nf6 3. e5 Nd5 4. d4 cxd4 5. Nf3 d6 6. cxd4 Nc6 7. Bc4 Nb6 8. Bb3
dxe5 9. d5 Na5 10. Nc3 Bg4 11. Ba4+ Nxa4 12. Qxa4+ Bd7 13. Qe4 f6 14. Bd2 e6 15.
Rd1 exd5 16. Nxd5 Nc6 17. O-O Be7 18. b4 Be6 19. Bc3 Qc8 20. b5 Nd8 21. Bxe5
fxe5 22. Nxe7 Kxe7 23. Nxe5 Ke8 24. Rc1 Qb8 25. Rfd1 Rf8 26. g3 Nf7 27. Nf3 Ke7
28. Qxh7 Kf6 29. Rc5 Rh8 30. Qe4 Rd8 31. Re1 Qd6 32. Qh4+ g5 33. Nxg5 Nxg5 34.
Rxg5 Rh8 35. Rh5+ Kg7 36. Rxe6 Qd1+ 37. Kg2 Qxh5 38. Qf6+ Kg8 39. Re5 Qxh2+ 40.
Kf3 Qh1+ 41. Ke2 Rh5 42. Qg6+ Kf8 43. Rxh5 Re8+ 44. Qxe8+ 1-0

[Event "Nakhchivan Open 2016"]
[Site "Nakhchivan AZE"]
[Date "2016.05.17"]
[Round "8.15"]
[White "Sevgi, Volkan"]
[Black "Mammadova, Gulnar"]
[Result "1-0"]
[WhiteTitle "FM"]
[BlackTitle "WGM"]
[WhiteElo "2210"]
[BlackElo "2319"]
[WhiteFideId "6325335"]
[BlackFideId "13403508"]
[EventDate "2016.05.10"]

1. e4 c5 2. c3 e6 3. Nf3 d5 4. exd5 exd5 5. Bb5+ Bd7 6. Bxd7+ Qxd7 7. O-O Bd6 8.
d4 Ne7 9. dxc5 Bxc5 10. Nbd2 Nbc6 11. Nb3 Bd6 12. Bg5 O-O 13. Bxe7 Bxe7 14. Qd3
Rad8 15. Rad1 Bf6 16. Rd2 a6 17. Rfd1 Qg4 18. Nc5 Qc8 19. Qc2 Ne7 20. Nb3 g6 21.
Nbd4 Rd6 22. Rd3 Rfd8 23. Qd2 Kg7 24. Nc2 b5 25. Nfd4 Qc4 26. Rh3 h5 27. Ne3 Qc8
28. f4 Nc6 29. Nec2 Nxd4 30. Nxd4 Re8 31. Re3 Rdd8 32. Rde1 Kf8 33. Re5 Qc7 34.
Qe3 Re7 35. Rxe7 Qxe7 36. Qxe7+ Bxe7 37. Rxe7 Kxe7 38. Nc6+ Kd7 39. Nxd8 Kxd8
40. Kf2 Kd7 41. Ke3 Kd6 42. Kd4 h4 43. b3 f6 44. g3 h3 45. g4 Kc6 46. b4 Kd6 47.
Ke3 Ke6 48. Kf3 g5 49. Kg3 d4 50. cxd4 Kd5 51. fxg5 fxg5 52. Kxh3 Kxd4 53. Kg3
Kc4 54. h4 gxh4+ 55. Kxh4 Kxb4 56. g5 Ka3 57. g6 Kxa2 58. g7 1-0

[Event "Nakhchivan Open 2016"]
[Site "Nakhchivan AZE"]
[Date "2016.05.17"]
[Round "8.16"]
[White "Enkhtuul, Altan-Ulzii"]
[Black "Mustafin, Andrey"]
[Result "1/2-1/2"]
[WhiteTitle "WGM"]
[BlackTitle "FM"]
[WhiteElo "2208"]
[BlackElo "2299"]
[WhiteFideId "4901444"]
[BlackFideId "13406744"]
[EventDate "2016.05.10"]

1. b3 e5 2. Bb2 Nc6 3. c4 Nf6 4. Nc3 d5 5. cxd5 Nxd5 6. g3 Nxc3 7. dxc3 Qxd1+ 8.
Rxd1 Be6 9. e4 Bd6 10. Bh3 Ke7 11. Bxe6 Kxe6 12. Nf3 f6 13. Ke2 b5 14. Rd5 Rhb8
15. Rc1 a5 16. a3 Ra6 17. Rd3 Ne7 18. c4 bxc4 19. Rxc4 a4 20. Rcc3 c5 21. Bc1
Nc6 22. bxa4 Rxa4 23. Nd2 Nd4+ 24. Kd1 Kd7 25. Nc4 Kc6 26. Nb2 Ra7 27. Rc4 Rba8
28. a4 Rb8 29. Rcc3 Bc7 30. f4 Ba5 31. Ra3 Rb4 32. Rdc3 Rb8 33. Rc4 Rd7 34. Nd3
Bb4 35. Ra2 Nb3 36. Ke2 Nxc1+ 37. Rxc1 exf4 38. gxf4 Rd4 39. Ke3 Re8 40. e5 Red8
41. Nxb4+ Rxb4 42. exf6 gxf6 43. Rac2 Rd5 44. Rc4 Rxc4 45. Rxc4 Rh5 46. Rc2 f5
47. Re2 Kd5 48. Kd2 Kd4 49. Kc2 Kc4 50. a5 Rh6 51. Kc1 Ra6 52. Re5 Rxa5 53. Rxf5
Ra2 54. Rh5 Rf2 55. Rxh7 Kc3 56. Rh3+ Kd4 57. Rh4 c4 58. f5+ Kc3 59. Rh3+ Kb4
60. f6 Rxf6 61. Rg3 Rf1+ 62. Kc2 Rf2+ 63. Kb1 Rxh2 64. Kc1 Re2 65. Rh3 Re5 66.
Kc2 Re2+ 67. Kc1 Rg2 68. Rf3 Rg4 69. Rh3 Rd4 70. Kc2 Re4 71. Rg3 Re2+ 72. Kc1 c3
73. Rg8 1/2-1/2

[Event "Nakhchivan Open 2016"]
[Site "Nakhchivan AZE"]
[Date "2016.05.17"]
[Round "8.17"]
[White "Mammadov, Zaur"]
[Black "Bagheri, Maziar"]
[Result "1/2-1/2"]
[WhiteTitle "GM"]
[WhiteElo "2465"]
[BlackElo "2266"]
[WhiteFideId "13401033"]
[BlackFideId "12530913"]
[EventDate "2016.05.10"]

1. d4 Nf6 2. Nf3 d5 3. Bf4 c6 4. e3 Bg4 5. Be2 e6 6. h3 Bxf3 7. Bxf3 Bd6 8. Bxd6
Qxd6 9. Nd2 O-O 10. O-O Nbd7 11. c4 Rad8 12. Rc1 Rfe8 13. a3 Qb8 14. Nb3 dxc4
15. Rxc4 Ne5 16. Rc2 Nxf3+ 17. Qxf3 e5 18. Rfc1 exd4 19. Nxd4 Qe5 20. b4 Ne4 21.
Qe2 Rd7 22. Rc4 g6 23. Qc2 Qe7 24. Nf3 Ng5 25. Nd4 Red8 26. a4 Ne6 27. Nb3 Qf6
28. Rf1 Qe5 29. Na5 Qf6 30. Qb1 Qe5 31. Rcc1 Qf6 32. Qe4 Ng5 33. Qc4 Ne6 34. f4
Qb2 35. Rc2 Qa3 36. Qb3 Qxb3 37. Nxb3 Rd3 38. Na5 Rxe3 39. f5 Nd4 40. Rd2 Rd5
41. fxg6 hxg6 42. Rfd1 Re4 43. Nxb7 Ne2+ 44. Kh2 Nc3 45. Rxd5 cxd5 46. Rd3 Rxb4
47. Rxc3 Rxb7 48. Rc8+ Kg7 49. Rd8 Rb4 50. Rxd5 Rxa4 51. Rd6 f5 52. g4 fxg4 53.
hxg4 Kh6 54. Kg3 Ra1 55. Rd5 Ra3+ 56. Kf4 Ra4+ 57. Kf3 Ra1 58. Kg3 Rg1+ 59. Kh2
Ra1 60. Kg3 1/2-1/2

[Event "Nakhchivan Open 2016"]
[Site "Nakhchivan AZE"]
[Date "2016.05.17"]
[Round "8.18"]
[White "Idrisov, Tabriz"]
[Black "Mamedjarova, Zeinab"]
[Result "1-0"]
[BlackTitle "WGM"]
[WhiteElo "2273"]
[BlackElo "2236"]
[WhiteFideId "13402870"]
[BlackFideId "13401521"]
[EventDate "2016.05.10"]

1. d4 d5 2. Nf3 e6 3. c4 c6 4. e3 f5 5. Be2 Nf6 6. O-O Be7 7. b3 O-O 8. Bb2 a5
9. Qc1 b6 10. Ne5 Ba6 11. Ba3 Ra7 12. Nc3 Ne4 13. Nxe4 dxe4 14. f3 Bxa3 15. Qxa3
Qg5 16. f4 Qf6 17. Qa4 Rc8 18. b4 axb4 19. Qxb4 Rb7 20. Rab1 Qd8 21. Qa4 g5 22.
g3 h6 23. Rfd1 Kh7 24. Kh1 Rg7 25. Qb3 gxf4 26. exf4 Rb7 27. Qa4 Qc7 28. Qa3 Ra7
29. Qb3 Rb7 30. Qa3 Ra7 31. Qb4 Rb7 32. Kg2 Rd8 33. Kf2 c5 34. dxc5 bxc5 35. Qc3
Rxb1 36. Rxb1 Rd4 37. Qa3 Rd6 38. Rb2 Kg7 39. Qc3 Rd4 40. Qa3 Rd6 41. Qa4 Qd8
42. Qa3 Qc7 43. Ke3 Kh7 44. Qc3 Nc6 45. Nxc6 Qxc6 46. Qf6 Qd7 47. Qc3 Qg7 48.
Qxg7+ Kxg7 49. Rd2 Rxd2 50. Kxd2 Kf6 51. Ke3 Kg6 52. Kd2 Kf6 53. a4 Ke7 54. a5
Kf6 55. Kc3 e5 56. Kd2 exf4 57. gxf4 Ke6 58. Kc3 Kd6 59. Bh5 Ke6 60. Be8 Ke7 61.
Bc6 Kd6 62. Bb5 Bxb5 63. cxb5 Kd7 64. a6 Kc7 65. a7 Kb7 66. b6 h5 67. Kc4 h4 68.
Kxc5 e3 69. Kd6 e2 70. a8=Q+ Kxa8 71. Kc7 1-0

[Event "Nakhchivan Open 2016"]
[Site "Nakhchivan AZE"]
[Date "2016.05.17"]
[Round "8.19"]
[White "Gasimov, Parviz"]
[Black "Mammadova, Narmin"]
[Result "1-0"]
[WhiteTitle "FM"]
[BlackTitle "WIM"]
[WhiteElo "2375"]
[BlackElo "2183"]
[WhiteFideId "13408798"]
[BlackFideId "13403710"]
[EventDate "2016.05.10"]

1. e4 e6 2. d4 d5 3. Nd2 c5 4. c3 cxd4 5. cxd4 dxe4 6. Nxe4 Nf6 7. Nc3 Nc6 8.
Nf3 Be7 9. Bd3 O-O 10. a3 b6 11. O-O Bb7 12. Be3 Rc8 13. Qe2 Qd6 14. Rad1 Rfd8
15. Bb1 Qb8 16. Bg5 g6 17. Ba2 Kg7 18. Rfe1 Ng4 19. g3 h6 20. Bc1 Bf8 21. Ne4
Ne7 22. Bf4 Qa8 23. Nfd2 f5 24. Nd6 Nd5 25. Be5+ Kh7 26. Nxc8 Bxc8 27. Rc1 Nxe5
28. Qxe5 Bg7 29. Bxd5 Rxd5 30. Qc7 Rxd4 31. Qxc8 Qxc8 32. Rxc8 Rxd2 33. Rxe6 Rd7
34. b4 g5 35. Rec6 Rd3 36. R8c7 f4 37. gxf4 gxf4 38. Re6 f3 39. h3 Rd5 40. Ree7
Rg5+ 41. Kf1 Rg2 42. a4 1-0

[Event "Nakhchivan Open 2016"]
[Site "Nakhchivan AZE"]
[Date "2016.05.17"]
[Round "8.20"]
[White "Bayramov, Elvin"]
[Black "Abdulla, Khayala"]
[Result "1-0"]
[BlackTitle "WGM"]
[WhiteElo "2262"]
[BlackElo "2209"]
[WhiteFideId "13406655"]
[BlackFideId "13401807"]
[EventDate "2016.05.10"]

1. e4 e6 2. d4 d5 3. exd5 exd5 4. Bd3 c5 5. dxc5 Bxc5 6. Nf3 Ne7 7. O-O O-O 8.
b3 Nbc6 9. Bb2 Qd6 10. Nc3 Qh6 11. Qc1 Qh5 12. Ne2 f6 13. Ng3 Qf7 14. c4 Bb6 15.
Qb1 g6 16. cxd5 Nxd5 17. Ne4 Be6 18. Bc4 Bd8 19. Nc5 Na5 20. Nxe6 Qxe6 21. Qe1
Qf7 22. Bxd5 Qxd5 23. Rd1 Qf5 24. Ba3 Bb6 25. Bxf8 Rxf8 26. Qe7 Rf7 27. Qe8+ Kg7
28. Nd4 Bxd4 29. Rxd4 Nc6 30. Rdd1 Re7 31. Qa8 Qa5 32. a4 Qb4 33. Qc8 Qxb3 34.
Rd7 Rxd7 35. Qxd7+ Kh6 36. Qd1 Qb4 37. Re1 Ne5 38. Re3 b6 39. h3 g5 40. Qc2 Qd4
41. Rc3 a6 42. Rc7 Ng6 43. Ra7 Qa1+ 44. Kh2 Qe5+ 45. g3 Qd4 46. Qf5 b5 47. Rd7
Qb2 48. Qf3 bxa4 49. Qh5+ 1-0

[Event "Nakhchivan Open 2016"]
[Site "Nakhchivan AZE"]
[Date "2016.05.17"]
[Round "8.21"]
[White "Bayramov, Zaur"]
[Black "Khalafova, Narmin"]
[Result "1-0"]
[BlackTitle "WIM"]
[WhiteElo "2241"]
[BlackElo "2193"]
[WhiteFideId "13405080"]
[BlackFideId "13402625"]
[EventDate "2016.05.10"]

1. e4 c5 2. Nf3 Nc6 3. c4 e5 4. Nc3 g6 5. g3 Bg7 6. Bg2 d6 7. d3 Nge7 8. O-O O-O
9. Nd5 f5 10. exf5 Nxf5 11. Rb1 a5 12. a3 a4 13. Ng5 h6 14. Ne4 Ncd4 15. f4 Nb3
16. fxe5 dxe5 17. g4 Nh4 18. Rxf8+ Qxf8 19. Be3 Nd4 20. Qf1 Nhf3+ 21. Bxf3 Nxf3+
22. Kg2 Bxg4 23. Bxh6 Nh4+ 24. Kg3 Nf5+ 25. Kxg4 Bxh6 26. Re1 Qc8 27. Kf3 Ra6
28. Kg2 Kg7 29. Qf2 Rc6 30. Rf1 Kh8 31. Kh1 b6 32. Ng3 Nxg3+ 33. Qxg3 Re6 34.
Qh3 Kg7 35. Rf6 Rc6 36. Rxg6+ 1-0

[Event "Nakhchivan Open 2016"]
[Site "Nakhchivan AZE"]
[Date "2016.05.17"]
[Round "8.22"]
[White "Ibrahimova, Sabina"]
[Black "Balajayeva, Khanim"]
[Result "1-0"]
[WhiteTitle "WIM"]
[BlackTitle "WFM"]
[WhiteElo "2184"]
[BlackElo "2180"]
[WhiteFideId "13403893"]
[BlackFideId "13406396"]
[EventDate "2016.05.10"]

1. e4 e5 2. Nf3 Nc6 3. Bb5 a6 4. Ba4 Nf6 5. O-O b5 6. Bb3 Be7 7. Re1 O-O 8. c3
d6 9. h3 h6 10. d3 Re8 11. a4 Bb7 12. Na3 d5 13. exd5 Nxd5 14. Nxe5 Nxe5 15.
Rxe5 Bxa3 16. Rxe8+ Qxe8 17. Rxa3 b4 18. cxb4 Nxb4 19. Bc4 Qc6 20. Qg4 Re8 21.
Rc3 Qf6 22. Be3 Nc6 23. Ba2 Rd8 24. d4 h5 25. Qxh5 g6 26. Qg4 Rd6 27. d5 Ne5 28.
Qf4 Kg7 29. Qxf6+ Kxf6 30. Bd4 1-0

[Event "Nakhchivan Open 2016"]
[Site "Nakhchivan AZE"]
[Date "2016.05.17"]
[Round "8.23"]
[White "Fataliyeva, Ulviyya"]
[Black "Zarinfam, Arsalan"]
[Result "1-0"]
[WhiteTitle "WIM"]
[BlackTitle "FM"]
[WhiteElo "2301"]
[BlackElo "2301"]
[WhiteFideId "13403052"]
[BlackFideId "12504262"]
[EventDate "2016.05.10"]

1. e4 c5 2. Nf3 Nc6 3. d4 cxd4 4. Nxd4 Nf6 5. Nc3 e6 6. Ndb5 d6 7. Bf4 e5 8. Bg5
a6 9. Na3 Be6 10. Bc4 b5 11. Bd5 Rc8 12. Ne2 Be7 13. Bxf6 Bxf6 14. c3 Bxd5 15.
Qxd5 O-O 16. Rd1 Qb6 17. Nc2 Bg5 18. Ng3 g6 19. h4 Bf4 20. Ne2 Bh6 21. h5 Kg7
22. g4 Rcd8 23. Qd3 Bg5 24. Qh3 h6 25. Ne3 Ne7 26. Nd5 Nxd5 27. Rxd5 f5 28. f4
exf4 29. gxf5 gxf5 30. Nd4 Rde8 31. Nxf5+ Rxf5 32. Qxf5 Qe3+ 33. Kd1 Rxe4 34.
Rxd6 Qe2+ 35. Kc1 f3+ 36. Kb1 Qf2 37. Rg6+ 1-0

[Event "Nakhchivan Open 2016"]
[Site "Nakhchivan AZE"]
[Date "2016.05.17"]
[Round "8.24"]
[White "Ahmadzada, Ahmad"]
[Black "Suleymanli, Aydin"]
[Result "1/2-1/2"]
[WhiteTitle "CM"]
[BlackTitle "CM"]
[WhiteElo "2207"]
[BlackElo "2091"]
[WhiteFideId "13413007"]
[BlackFideId "13413937"]
[EventDate "2016.05.10"]

1. Nf3 Nf6 2. g3 e6 3. c4 d5 4. Bg2 dxc4 5. Qa4+ c6 6. Qxc4 b5 7. Qc2 Bb7 8. O-O
Nbd7 9. a4 Rc8 10. d3 Be7 11. Nc3 a6 12. Bf4 Nd5 13. Bd2 O-O 14. Nxd5 cxd5 15.
Qd1 bxa4 16. Qxa4 Nc5 17. Qd1 Qb6 18. b4 Nd7 19. Qa4 Qc6 20. Qxc6 Rxc6 21. Rfc1
Rfc8 22. Rxc6 Rxc6 23. Nd4 Rb6 24. Rb1 Bc5 25. Nc2 a5 26. b5 Ba6 27. Bxa5 Rxb5
28. Rxb5 Bxb5 29. Bb4 Bxb4 30. Nxb4 Nc5 1/2-1/2

[Event "Nakhchivan Open 2016"]
[Site "Nakhchivan AZE"]
[Date "2016.05.18"]
[Round "9.1"]
[White "Tiviakov, Sergei"]
[Black "Safarli, Eltaj"]
[Result "1/2-1/2"]
[WhiteTitle "GM"]
[BlackTitle "GM"]
[WhiteElo "2591"]
[BlackElo "2664"]
[WhiteFideId "1008013"]
[BlackFideId "13402129"]
[EventDate "2016.05.10"]

1. e4 c6 2. d4 d5 3. Nd2 dxe4 4. Nxe4 Nf6 5. Nxf6+ exf6 6. c3 Bd6 7. Bd3 O-O 8.
Qc2 h6 9. Ne2 Qc7 10. h3 b5 11. O-O Nd7 12. b3 Bb7 13. Be3 Rfe8 14. Qd2 c5 15.
dxc5 Nxc5 16. Bxb5 Red8 17. Nd4 Ne4 18. Qd3 Qxc3 19. Rac1 Qa5 20. Bc6 Bxc6 21.
Nxc6 Bh2+ 22. Kh1 Rxd3 23. Nxa5 Be5 24. Nc4 Bd4 25. Bxd4 1/2-1/2

[Event "Nakhchivan Open 2016"]
[Site "Nakhchivan AZE"]
[Date "2016.05.18"]
[Round "9.2"]
[White "Mirzoev, Azer"]
[Black "Kuzubov, Yuriy"]
[Result "1/2-1/2"]
[WhiteTitle "GM"]
[BlackTitle "GM"]
[WhiteElo "2510"]
[BlackElo "2632"]
[WhiteFideId "13400304"]
[BlackFideId "14112906"]
[EventDate "2016.05.10"]

1. d4 Nf6 2. Nf3 d5 3. c4 e6 4. g3 Be7 5. Bg2 O-O 6. O-O dxc4 7. Qc2 a6 8. Qxc4
b5 9. Qc2 Bb7 10. Bd2 Be4 11. Qc1 Bb7 12. Qc2 Be4 13. Qc1 Bb7 14. Qc2 1/2-1/2

[Event "Nakhchivan Open 2016"]
[Site "Nakhchivan AZE"]
[Date "2016.05.18"]
[Round "9.4"]
[White "Alekseev, Evgeny"]
[Black "Iskandarov, Misratdin"]
[Result "1-0"]
[WhiteTitle "GM"]
[BlackTitle "IM"]
[WhiteElo "2633"]
[BlackElo "2419"]
[WhiteFideId "4138147"]
[BlackFideId "13400312"]
[EventDate "2016.05.10"]

1. e4 e5 2. Nf3 Nc6 3. Bb5 a6 4. Ba4 d6 5. O-O Bd7 6. c3 g6 7. d4 Bg7 8. Be3 Qe7
9. Nbd2 Nf6 10. Re1 O-O 11. h3 Rfe8 12. Bc2 Qf8 13. Rc1 Nh5 14. Nf1 Bh6 15. Qd2
Bxe3 16. Nxe3 Qg7 17. Nd5 Rac8 18. Rcd1 Be6 19. Ne3 Bd7 20. b4 Nf4 21. Nd5 g5
22. Kh2 f6 23. Ne3 Qh6 24. Ng1 Ne7 25. f3 b5 26. Qf2 Kh8 27. Bb3 Qg7 28. g3 Nfg6
29. Bc2 h5 30. Ne2 Rf8 31. Nf5 Nxf5 32. exf5 Ne7 33. g4 h4 34. dxe5 fxe5 35. f4
Rce8 36. fxg5 Qxg5 37. Be4 Ng8 38. Bg2 Nf6 39. Kh1 Kg7 40. Ng1 e4 41. Ne2 Re5
42. Nf4 Be8 43. Ne6+ Rxe6 44. fxe6 Nxg4 45. Qd4+ Ne5 46. Bxe4 Kh6 47. Rf1 Rf6
48. Rxf6+ Qxf6 49. Rg1 Qf4 50. Bb7 Qxd4 51. cxd4 Ng6 52. Rc1 1-0

[Event "Nakhchivan Open 2016"]
[Site "Nakhchivan AZE"]
[Date "2016.05.18"]
[Round "9.5"]
[White "Burmakin, Vladimir"]
[Black "Khenkin, Igor"]
[Result "1/2-1/2"]
[WhiteTitle "GM"]
[BlackTitle "GM"]
[WhiteElo "2554"]
[BlackElo "2575"]
[WhiteFideId "4105109"]
[BlackFideId "4659600"]
[EventDate "2016.05.10"]

1. e4 c6 2. d4 d5 3. Nd2 dxe4 4. Nxe4 Bf5 5. Ng3 Bg6 6. h4 h6 7. h5 Bh7 8. Nf3
Nd7 9. Bd3 Bxd3 10. Qxd3 e6 11. Bf4 Qa5+ 12. Bd2 Qc7 13. O-O-O Ngf6 14. Ne4 1/2-1/2

[Event "Nakhchivan Open 2016"]
[Site "Nakhchivan AZE"]
[Date "2016.05.18"]
[Round "9.7"]
[White "Bashirli, Nail"]
[Black "Malakhatko, Vadim"]
[Result "1-0"]
[WhiteTitle "FM"]
[BlackTitle "GM"]
[WhiteElo "2384"]
[BlackElo "2501"]
[WhiteFideId "13406809"]
[BlackFideId "14104202"]
[EventDate "2016.05.10"]

1. e4 g6 2. d4 Bg7 3. Nc3 d6 4. f4 e6 5. Be3 Ne7 6. Nf3 O-O 7. Qd2 a6 8. g4 b5
9. a3 Bb7 10. h4 f5 11. h5 h6 12. g5 fxe4 13. gxh6 exf3 14. hxg7 Rf5 15. O-O-O
Rxh5 16. Bd3 Nd7 17. d5 Nf6 18. Bd4 Nf5 19. dxe6 Nxd4 20. Bxg6 Rxh1 21. Rxh1
Nxe6 22. f5 Nxg7 23. Qh2 Kf8 24. Re1 Qd7 25. Qh8+ Ng8 26. f6 f2 27. Rf1 Nf5 28.
f7 1-0

[Event "Nakhchivan Open 2016"]
[Site "Nakhchivan AZE"]
[Date "2016.05.18"]
[Round "9.8"]
[White "Abasov, Nijat"]
[Black "Sevgi, Volkan"]
[Result "1-0"]
[WhiteTitle "GM"]
[BlackTitle "FM"]
[WhiteElo "2571"]
[BlackElo "2210"]
[WhiteFideId "13402960"]
[BlackFideId "6325335"]
[EventDate "2016.05.10"]

1. d4 Nf6 2. Nf3 e6 3. g3 d5 4. Bg2 Be7 5. O-O O-O 6. c4 dxc4 7. Ne5 Nc6 8. Bxc6
bxc6 9. Nxc6 Qe8 10. Nxe7+ Qxe7 11. Qc2 c5 12. Qxc4 cxd4 13. Qxd4 e5 14. Qh4 h6
15. b3 Qe6 16. Nd2 Bb7 17. Nc4 Qd5 18. f3 Qe6 19. Bb2 e4 20. Bxf6 exf3 21. exf3
Qxf6 22. Qxf6 gxf6 23. Nd6 Bd5 24. Rad1 Be6 25. Rd4 a5 26. Kf2 Ra6 27. Ne4 f5
28. Nc5 Rc6 29. Nxe6 fxe6 30. Rc4 Rd6 31. Re1 Kf7 32. Re5 Rd2+ 33. Re2 Rd6 34.
Rc7+ Kf6 35. Ra7 Rd5 36. Rh7 e5 37. Rxh6+ Kg5 38. Re6 e4 39. fxe4 fxe4+ 40. Kg2 1-0

[Event "Nakhchivan Open 2016"]
[Site "Nakhchivan AZE"]
[Date "2016.05.18"]
[Round "9.9"]
[White "Asadli, Vugar"]
[Black "Hojjatova, Aydan"]
[Result "1/2-1/2"]
[WhiteTitle "FM"]
[BlackTitle "WFM"]
[WhiteElo "2397"]
[BlackElo "2300"]
[WhiteFideId "13405764"]
[BlackFideId "13401491"]
[EventDate "2016.05.10"]

1. e4 e6 2. d4 d5 3. exd5 exd5 4. Bd3 Nc6 5. c3 Bd6 6. h3 h6 7. Nf3 Qf6 8. O-O
Nge7 9. Re1 O-O 10. Nbd2 Bf5 11. Nf1 Bxd3 12. Qxd3 Nf5 13. Ne3 Nxe3 14. Bxe3 Ne7
15. Ne5 Rfe8 16. Bd2 c6 17. Ng4 Qf5 18. Qxf5 Nxf5 19. Rxe8+ Rxe8 20. Kf1 Kf8 21.
Re1 Rxe1+ 22. Kxe1 Nh4 23. Ne3 Bf4 24. g3 Bxe3 25. Bxe3 Ng2+ 26. Ke2 Nxe3 27.
Kxe3 Ke7 28. Kf4 Ke6 29. h4 g6 30. f3 f6 31. g4 g5+ 1/2-1/2

[Event "Nakhchivan Open 2016"]
[Site "Nakhchivan AZE"]
[Date "2016.05.18"]
[Round "9.10"]
[White "Hasanzade, Toghrul"]
[Black "Mamedjarova, Turkan"]
[Result "1/2-1/2"]
[WhiteTitle "FM"]
[BlackTitle "WGM"]
[WhiteElo "2326"]
[BlackElo "2257"]
[WhiteFideId "13407716"]
[BlackFideId "13402005"]
[EventDate "2016.05.10"]

1. e4 e5 2. Nf3 Nc6 3. Bc4 Bc5 4. Nc3 Nf6 5. d3 h6 6. Be3 d6 7. Bxc5 dxc5 8. Bb5
Qd6 9. Bxc6+ bxc6 10. Nd2 Bg4 11. f3 Be6 12. Nc4 Bxc4 13. dxc4 Rb8 14. b3 Rd8
15. Qxd6 cxd6 16. O-O-O Ke7 17. g3 Ne8 18. f4 Nc7 19. Rd3 h5 20. Rf1 1/2-1/2

[Event "Nakhchivan Open 2016"]
[Site "Nakhchivan AZE"]
[Date "2016.05.18"]
[Round "9.11"]
[White "Rasulov, Vugar"]
[Black "Idrisov, Tabriz"]
[Result "1-0"]
[WhiteTitle "GM"]
[WhiteElo "2486"]
[BlackElo "2273"]
[WhiteFideId "13402390"]
[BlackFideId "13402870"]
[EventDate "2016.05.10"]

1. e4 d6 2. d4 g6 3. Nc3 Bg7 4. Bg5 c6 5. Qd2 b5 6. f4 Nf6 7. Bd3 O-O 8. a3 a6
9. Nf3 Nbd7 10. e5 Ne8 11. O-O Nb6 12. Ne4 Ra7 13. Rae1 Bf5 14. Qa5 Qb8 15. b3
f6 16. Bh4 Nd5 17. Bg3 Bh6 18. Nh4 Bxe4 19. Bxe4 fxe5 20. Bxd5+ cxd5 21. dxe5
Qc8 22. a4 Qc5+ 23. Bf2 d4 24. b4 Qc4 25. axb5 Qxb5 26. Qa2+ d5 27. Bxd4 Ra8 28.
Bc5 Nc7 29. g3 Rae8 30. f5 Bd2 31. c4 1-0

[Event "Nakhchivan Open 2016"]
[Site "Nakhchivan AZE"]
[Date "2016.05.18"]
[Round "9.12"]
[White "Karayev, Kanan"]
[Black "Sevdimaliyev, Urfan"]
[Result "1/2-1/2"]
[WhiteTitle "CM"]
[BlackTitle "GM"]
[WhiteElo "2216"]
[BlackElo "2400"]
[WhiteFideId "13406671"]
[BlackFideId "13402463"]
[EventDate "2016.05.10"]

1. e4 c5 2. Nf3 Nc6 3. Bb5 d6 4. O-O Bd7 5. Re1 a6 6. Bxc6 Bxc6 7. d4 cxd4 8.
Qxd4 Nf6 9. Nc3 g6 10. e5 dxe5 11. Qxe5 Bg7 12. Bh6 O-O 13. Bxg7 Kxg7 14. Qxe7
Bxf3 15. Qxd8 Rfxd8 16. gxf3 Nd5 17. Nxd5 Rxd5 18. Rad1 Rad8 19. Rxd5 Rxd5 20.
Re3 Rd1+ 21. Kg2 Ra1 22. Rb3 b5 23. Ra3 Rb1 24. b3 Rc1 25. Rxa6 Rxc2 26. b4 g5
27. a3 f6 28. f4 gxf4 29. Kf3 Ra2 30. Ra5 Kg6 31. h4 h5 32. Kxf4 Rxf2+ 33. Ke4
Ra2 34. Kf4 Rf2+ 35. Kg3 Ra2 36. Kf3 Rh2 37. Rxb5 Rh3+ 38. Kg2 Rxa3 39. Rc5 Rb3
40. Rc4 Kf5 41. Rc5+ Kg4 42. Rc4+ Kf5 43. Kf2 Ke5 44. Rc5+ Kf4 1/2-1/2

[Event "Nakhchivan Open 2016"]
[Site "Nakhchivan AZE"]
[Date "2016.05.18"]
[Round "9.13"]
[White "Emiroglu, Cankut"]
[Black "Noroozi, Omid"]
[Result "0-1"]
[WhiteTitle "FM"]
[BlackTitle "IM"]
[WhiteElo "2302"]
[BlackElo "2391"]
[WhiteFideId "6306659"]
[BlackFideId "12501190"]
[EventDate "2016.05.10"]

1. e4 c5 2. Nc3 Nc6 3. g3 g6 4. Bg2 Bg7 5. d3 d6 6. Be3 Rb8 7. f4 e6 8. Qd2 Nge7
9. Nge2 Nd4 10. O-O O-O 11. Nd1 b5 12. Nc1 b4 13. c3 bxc3 14. bxc3 Ndc6 15. d4
cxd4 16. cxd4 Ba6 17. Re1 Na5 18. Nb3 Rxb3 19. axb3 Nxb3 20. Qa2 Nxa1 21. Qxa6
Nc2 22. Re2 Nxe3 23. Nxe3 Bxd4 24. Kh1 Qb8 25. h4 Rc8 26. Kh2 Rc3 27. Nc4 Bc5
28. Rb2 Qc8 29. Qa4 Rxc4 0-1